000 00544nam a2200181Ia 4500
003 GCL
008 140319s9999 xx 000 0 eng d
040 _aGCL /
_cGCL
082 0 4 _a629.13007
_bU G
100 1 _aU.S DEPARTMENT OF TRANSPORTAION
245 1 0 _aA GUIDE TO AVIATION EDUCATION RESOURCES /
_cU.S DEPARTMENT OF TRANSPORTAION
260 _a[S.N] :
_bNATIONAL COALITION FOR AVIATION
300 _a31 P
650 0 4 _aAVIATION
650 0 4 _aAERONAUTICS - UNITED STATES
650 0 4 _aAERONAUTICS - STUDY AND TEACHING
942 _2ddc
_cBK
999 _c15417
_d15417